Hands on geospatial analysis with R and QGIS: (Record no. 6585)
[ view plain ]
| 000 -LEADER | |
|---|---|
| fixed length control field | 00832nam a22002537a 4500 |
| 003 - CONTROL NUMBER IDENTIFIER | |
| control field | OSt |
| 005 - DATE AND TIME OF LATEST TRANSACTION | |
| control field | 20220107122854.0 |
| 008 - FIXED-LENGTH DATA ELEMENTS--GENERAL INFORMATION | |
| fixed length control field | 190716b xxu||||| |||| 00| 0 eng d |
| 020 ## - INTERNATIONAL STANDARD BOOK NUMBER | |
| International Standard Book Number | 9781788991674 |
| 040 ## - CATALOGING SOURCE | |
| Transcribing agency | IIITMK |
| 082 ## - DEWEY DECIMAL CLASSIFICATION NUMBER | |
| Classification number | 910.285 ISL/H |
| 100 ## - MAIN ENTRY--PERSONAL NAME | |
| Personal name | Islam, Shammunul |
| 9 (RLIN) | 16229 |
| 245 ## - TITLE STATEMENT | |
| Title | Hands on geospatial analysis with R and QGIS: |
| Remainder of title | A biginner's guide to manipulating, managing and analyzing spatial data using R and QGIS 3.2.2 |
| Statement of responsibility, etc. | Shammunul Islam |
| 260 ## - PUBLICATION, DISTRIBUTION, ETC. | |
| Place of publication, distribution, etc. | Birmingham, |
| Name of publisher, distributor, etc. | Packt Publishing, |
| Date of publication, distribution, etc. | 2018. |
| 300 ## - PHYSICAL DESCRIPTION | |
| Extent | v, 340p. |
| 650 ## - SUBJECT ADDED ENTRY--TOPICAL TERM | |
| Topical term or geographic name entry element | GEOGRAPHICAL INFORMATION SYSTEMS |
| 9 (RLIN) | 16871 |
| 650 ## - SUBJECT ADDED ENTRY--TOPICAL TERM | |
| Topical term or geographic name entry element | GIS |
| 9 (RLIN) | 16872 |
| 650 ## - SUBJECT ADDED ENTRY--TOPICAL TERM | |
| Topical term or geographic name entry element | GEOSPATIAL ANALYSIS |
| 9 (RLIN) | 16873 |
| 650 ## - SUBJECT ADDED ENTRY--TOPICAL TERM | |
| Topical term or geographic name entry element | COMPUTER PROGRAMMING |
| 9 (RLIN) | 16874 |
| 650 ## - SUBJECT ADDED ENTRY--TOPICAL TERM | |
| Topical term or geographic name entry element | R PROGRAMMING |
| 9 (RLIN) | 16875 |
| 650 ## - SUBJECT ADDED ENTRY--TOPICAL TERM | |
| Topical term or geographic name entry element | QGIS |
| 9 (RLIN) | 16876 |
| 650 ## - SUBJECT ADDED ENTRY--TOPICAL TERM | |
| Topical term or geographic name entry element | SPATIAL DATA ANALYSIS |
| 9 (RLIN) | 16877 |
| 942 ## - ADDED ENTRY ELEMENTS (KOHA) | |
| Source of classification or shelving scheme | Dewey Decimal Classification |
| Koha item type | Books |
| Withdrawn status | Lost status | Source of classification or shelving scheme | Damaged status | Not for loan | Collection code | Home library | Current library | Shelving location | Date acquired | Cost, normal purchase price | Total Checkouts | Full call number | Barcode | Date last seen | Date last checked out | Price effective from | Koha item type |
|---|---|---|---|---|---|---|---|---|---|---|---|---|---|---|---|---|---|
| Dewey Decimal Classification | Geographical Information Systems/ Spatial Data Analysis | Kerala University of Digital Sciences, Innovation and Technology Knowledge Centre | Kerala University of Digital Sciences, Innovation and Technology Knowledge Centre | GIS(Geographical Information System) | 16/07/2019 | 2624.00 | 4 | 910.285 ISL/H | 5527 | 14/09/2022 | 22/08/2022 | 16/07/2019 | Books |